• 首页
  • 本馆介绍
  • 公告通知
  • 最新文献
  • 馆藏检索
  • 电子资源
  • 读者导购
  • 参考咨询
  • 我的图书馆
  • 登录
  • 详细信息显示
  • 放入我的书架
  • 预约/预借图书
  • 作者相关作品
  • 分类相关作品
  • 丛书相关作品
  • 出版社相关作品

书目信息

  • 表格格式
  • 工作单格式
  • 卡片格式
题名:
热工基础
    
 
作者: 张学学 主编
分册:  
出版信息: 北京   高等教育出版社  2015
页数: 403页
开本: 23cm
丛书名:
单 册:
中图分类: TK122
科图分类:
主题词: 热工学--高等教育--教材
电子资源:
ISBN: 978-7-04-042297-9
000 01032nam0 2200253 450
001 0103556473
005 20151014110527.0
010    @a978-7-04-042297-9@dCNY47.50
100    @a20150715d2015 em y0chiy0120 ea
101 0  @achi
102    @aCN@b110000
105    @aa z 000yy
106    @ar
200 1  @a热工基础@9Re Gong Ji Chu @f张学学主编@b专著
205    @a3版
210    @a北京@c高等教育出版社@d2015
215    @a403页@c图@d23cm@e1光盘
300    @a“十二五”普通高等教育本科国家级规划教材 面向21世纪课程教材 清华大学名优教材立项资助
330    @a本书分为工程热力学与传热学两篇。工程热力学篇主要介绍工程热力学的基本概念和基本定律、常用工质的热物理性质、基本热力过程与典型热力循环分析及提高循环效率的途径;传热学篇主要介绍导热、对流换热、辐射换热的基本规律、求解方法以及控制(强化或削弱)热量传递过程的技术措施,换热器的热计算方法。
606 0  @a热工学@x高等教育@j教材
690    @aTK122@v5
701  0 @a张学学@f(1945~)@4主编@9zhang xue xue
801  0 @aCN@bAZmarc@c20230907
905    @aBZT@dTK122@e4=3@f1@sTK122/4=3
    
    热工基础/张学学主编.-3版.-北京:高等教育出版社,2015
    403页:图;23cm+1光盘
    “十二五”普通高等教育本科国家级规划教材 面向21世纪课程教材 清华大学名优教材立项资助
    
    ISBN 978-7-04-042297-9:CNY47.50
    本书分为工程热力学与传热学两篇。工程热力学篇主要介绍工程热力学的基本概念和基本定律、常用工质的热物理性质、基本热力过程与典型热力循环分析及提高循环效率的途径;传热学篇主要介绍导热、对流换热、辐射换热的基本规律、求解方法以及控制(强化或削弱)热量传递过程的技术措施,换热器的热计算方法。
●
相关链接 在五车中查询图书 在当当中查询图书 在豆瓣中查询图书


正题名:热工基础     索取号:TK122/4=3         预约/预借

序号 登录号 条形码 馆藏地/架位号 状态 备注
1 2000007491   2000007491   旧书回溯/ [索取号:TK122/4=3] 在馆    
山东省滨州职业学院图书馆 欢迎您!
大连网信软件有限公司© 版权所有